000 00876nam a22002177a 4500
005 2013013108228.0
010 _aB-480459
020 _a9788185586946
_c75.00
037 _bPUB
082 _aS
245 _aThe carpenter's apprentice /
_cselected by Vijaya Ghose; edited by Rosalind Wilson
260 _aNew Delhi
_bKatha
_c2000
270 _aA3 Sarvodaya Enclave, Sri Aurobindo Marg,
_bNew Delhi
_e110017
300 _a131p.
_bill.
_c22cm(pbk)
500 _aFrom stories published in Target magazine
700 _aGhose, Vijaya
_937243
700 _aWilson, Rosalind
_937244
942 _2ddc
_cCH
_mCAR
_hS
999 _c59687
_d59687